Compilation of Course Syllabi - College of Psychology : First Semester A.Y. 2016-2017 / (Record no. 300994)
[ view plain ]
| 000 -LEADER | |
|---|---|
| fixed length control field | 00316nam a2200097Ia 4500 |
| 008 - FIXED-LENGTH DATA ELEMENTS--GENERAL INFORMATION | |
| fixed length control field | 160908s9999 xx 000 0 und d |
| 245 ## - TITLE STATEMENT | |
| Title | Compilation of Course Syllabi - College of Psychology : First Semester A.Y. 2016-2017 / |
| 260 ## - PUBLICATION, DISTRIBUTION, ETC. (IMPRINT) | |
| Name of publisher, distributor, etc | SISC. |
| Date of publication, distribution, etc | 2016 |
| 500 ## - GENERAL NOTE | |
| General note | Psychology Syllabi. |
| 650 ## - SUBJECT ADDED ENTRY--TOPICAL TERM | |
| Topical term or geographic name as entry element | Syllabi - Psychology. |
| Withdrawn status | Lost status | Damaged status | Home library | Current library | Shelving location | Date acquired | Total Checkouts | Date last seen | Price effective from | Koha item type |
|---|---|---|---|---|---|---|---|---|---|---|
| Archives | Archives | Archives Room | 09/08/2016 | 09/08/2016 | 09/08/2016 | Southvillana |